| 000 | 00000nam 2200000zi 4500 |
| 001 | 9.942061 |
| 003 | CaOODSP |
| 005 | 20250107130414 |
| 006 | m o d f |
| 007 | cr |n||||||||| |
| 008 | 240819t20242024onca o f000 0 eng d |
| 020 | |a9780660732336 |
| 040 | |aCaOODSP|beng|erda|cCaOODSP |
| 043 | |an-cn--- |
| 086 | 1 |aH129-161/1-2024E-PDF |
| 245 | 00|aButton batteries : |bwatch out for these hidden dangers in your home! |
| 264 | 1|a[Ottawa] : |bHealth Canada = Santé Canada, |c[2024] |
| 264 | 4|c©2024 |
| 300 | |a1 online resource (2 unnumbered pages) : |bcolour illustrations |
| 336 | |atext|btxt|2rdacontent |
| 337 | |acomputer|bc|2rdamedia |
| 338 | |aonline resource|bcr|2rdacarrier |
| 500 | |aIssued also in French under title: Piles boutons : attention à ces dangers cachés chez vous! |
| 500 | |a"Pub.: 240486." |
| 650 | 0|aElectric batteries|zCanada|xSafety measures. |
| 650 | 0|aChildren's accidents|zCanada|xPrevention. |
| 710 | 1 |aCanada. |bHealth Canada, |eissuing body. |
| 775 | 08|tPiles boutons : |w(CaOODSP)9.942063 |
| 776 | 0#|tButton batteries : |w(CaOODSP)9.942062 |
| 856 | 40|qPDF|s1.01 MB|uhttps://publications.gc.ca/collections/collection_2025/sc-hc/H129-161-1-2024-eng.pdf |
| 856 | 4 |qHTML|sN/A|uhttps://www.canada.ca/en/health-canada/services/household-products/battery-safety/resources/brochure-button-batteries.html |